Loading...
Air pollution control and design handbook
| Main Author: | |
|---|---|
| Format: | Printed Book |
| Language: | Undetermined English |
| Published: |
New York
Marcel Dekker Inc
1977
|
| Subjects: |
| LEADER | 00638nam a2200193Ia 4500 | ||
|---|---|---|---|
| 008 | 140306s9999 xx 000 0 und d | ||
| 041 | |a eng | ||
| 082 | |a 628.5 |b CHE/AI | ||
| 100 | |a Cheremisionff, P.N | ||
| 245 | |a Air pollution control and design handbook | ||
| 260 | |a New York |b Marcel Dekker Inc |c 1977 | ||
| 300 | |a 1017 | ||
| 365 | |b Rs.29.50 | ||
| 440 | |v Pollution Engineering and technology | ||
| 650 | |a Cyclones | ||
| 650 | |a Odor control | ||
| 942 | |2 ddc |c BK | ||
| 999 | |c 117402 |d 117402 | ||
| 952 | |0 0 |1 0 |2 ddc |4 0 |6 628_500000000000000_CHEAI |7 0 |9 116313 |a KAUHCV |b KAUHCV |d 2004-04-29 |g 29.50 |o 628.5 CHE/AI |p KAU_HCV-8936 |r 2014-03-22 |w 2014-03-22 |y BK | ||